| 000 | 01078cam a22002651a 4500 | ||
|---|---|---|---|
| 001 | e 08000517 | ||
| 003 | DLC | ||
| 005 | 20260227111149.0 | ||
| 008 | 830525s1908 dcuaf f000 0 eng c | ||
| 010 | _ae 08000517 | ||
| 035 | _a(OCoLC)9546296 | ||
| 040 |
_aU.S. Off. of Educ. Library _cABAU _dABAU _dDLC |
||
| 042 | _apremarc | ||
| 050 | 0 | 0 |
_aL111 _b.A6 1908, no. 5 |
| 051 |
_aLA1318.F7 _bA7 |
||
| 100 | 1 |
_aArnold, Julean Herbert, _d1875-1946. |
|
| 245 | 1 | 0 |
_aEducation in Formosa / _cby Julean H. Arnold. |
| 260 |
_aWashington : _bG.P.O., _c1908. |
||
| 300 |
_a70 p., 5 leaves of plates : _bill. ; _c23 cm. |
||
| 490 | 0 |
_aBulletin / U.S. Bureau of Education ; _v1908, no. 5 = Whole no. 388 |
|
| 501 |
_aL111.A6 with: On the training of persons to teach agriculture in the public schools / Liberty Hyde Bailey. Washington : Govt. Print. Off., 1908. Bound together subsequent to publication. _5DLC |
||
| 530 | _aAlso available in digital form on the Internet Archive Web site. | ||
| 650 | 0 |
_aEducation _zTaiwan. |
|
| 856 | 4 | 1 | _uhttp://hdl.loc.gov/loc.gdc/scd0001.00198443682 |
| 999 |
_c18698 _d18698 |
||